100-1 Typing challenge Quiz Stats

 Plays Quiz not verified by Sporcle

Challenge
Share
Tweet
Embed
Score 0/100 Timer 01:00
0 Plays Today
% Correct
100
99.5%
99
97.8%
98
97.8%
97
97.8%
96
97.3%
95
97.3%
94
96.7%
93
96.7%
92
96.7%
91
96.2%
90
94.5%
89
94%
88
94%
87
92.3%
86
92.3%
85
92.3%
84
91.8%
83
91.3%
82
90.7%
81
90.7%
80
90.7%
79
90.7%
78
90.2%
77
89.6%
76
89.6%
75
89.6%
74
89.1%
73
88.5%
72
88.5%
71
88.5%
70
88%
69
88%
68
88%
67
88%
% Correct
66
88%
65
86.9%
64
86.3%
63
85.2%
62
85.2%
61
84.7%
60
84.2%
59
83.1%
58
83.1%
57
82.5%
56
81.4%
55
80.3%
54
79.8%
53
79.8%
52
79.2%
51
79.2%
50
78.1%
49
77.6%
48
77.6%
47
77.6%
46
76.5%
45
76%
44
76%
43
74.3%
42
73.8%
41
73.8%
40
70.5%
39
68.3%
38
66.7%
37
65.6%
36
65%
35
65%
34
63.9%
32
62.3%
% Correct
33
61.7%
31
61.2%
30
58.5%
29
56.8%
28
56.8%
27
56.3%
26
55.7%
25
54.1%
24
54.1%
23
53.6%
22
51.9%
21
49.7%
20
48.1%
19
44.3%
18
44.3%
17
44.3%
16
43.7%
15
41.5%
14
41%
13
41%
12
41%
11
39.3%
10
37.2%
9
34.4%
8
33.9%
7
33.9%
6
33.3%
5
31.1%
4
30.1%
3
30.1%
2
30.1%
1
29%

You're not logged in!

Compare scores with friends on all Sporcle quizzes.
OR
Log In

You Might Also Like...

Show Comments

Extras

Created Nov 11, 2012ReportNominate
Tags:Typing Quiz, challenge

Top Quizzes Today


Score Distribution

Your Account Isn't Verified!

In order to create a playlist on Sporcle, you need to verify the email address you used during registration. Go to your Sporcle Settings to finish the process.

Report this User

Report this user for behavior that violates our Community Guidelines.

Details: